• 首页
  • 本馆介绍
  • 公告通知
  • 最新文献
  • 馆藏检索
  • 电子资源
  • 读者导购
  • 参考咨询
  • 我的图书馆
  • 登录
  • 详细信息显示
  • 放入我的书架
  • 预约/预借图书
  • 作者相关作品
  • 分类相关作品
  • 丛书相关作品
  • 出版社相关作品

书目信息

  • 表格格式
  • 工作单格式
  • 卡片格式
题名:
课堂提问讲解技能及案例分析
    
 
作者: 李涛 , 周静 , 杨建伟 主编
分册:  
出版信息: 北京   中国轻工业出版社  2017.1
页数: 496页
开本: 24cm
丛书名:
单 册:
中图分类: G622.421
科图分类:
主题词: 课堂教学--教学研究--小学
电子资源:
ISBN: 978-7-5184-1204-4
000 01062nam0 2200277 45
001 012001001141
005 20140820145229.0
010    @a978-7-5184-1204-4@dCNY52.00
099    @aCAL 012017071268
100    @a20170503d2017 em y0chiy0110 ea
101 0  @achi
102    @aCN@b110000
105    @aak a 000yy
106    @ar
200 1  @a课堂提问讲解技能及案例分析@Ake tang ti wen jiang jie ji neng ji an li fen xi@f主编李涛, 周静, 杨建伟
210    @a北京@c中国轻工业出版社@d2017.1
215    @a496页@c图@d24cm
320    @a有书目 (第496页)
330    @a本书以新任教师培训教材的形式,呈现提问技能和讲解技能的研究成果;遵循微格教学理论学习与提供示范相结合、满足教学技能形成过程的培训特点,遴选优秀教学片断67个,以微格教学示例的形式呈现,并配以比赛时的视频光盘;教学片断后教师的反思和指导教师的点评。
606 0  @a课堂教学@x教学研究@x小学
690    @aG622.421@v5
701  0 @a李涛@Ali tao@4主编
701  0 @a周静@Azhou jing@4主编
701  0 @a杨建伟@Ayang jian wei@4主编
801    @aCN@bAHXH@c20210922
905    @b1247829-31@dG622.421@e1377@f3
    
    课堂提问讲解技能及案例分析/主编李涛, 周静, 杨建伟.-北京:中国轻工业出版社,2017.1
    496页:图;24cm
    
    
    ISBN 978-7-5184-1204-4:CNY52.00
    本书以新任教师培训教材的形式,呈现提问技能和讲解技能的研究成果;遵循微格教学理论学习与提供示范相结合、满足教学技能形成过程的培训特点,遴选优秀教学片断67个,以微格教学示例的形式呈现,并配以比赛时的视频光盘;教学片断后教师的反思和指导教师的点评。
●
相关链接 在E读中查询图书 在五车中查询图书 在当当中查询图书 在豆瓣中查询图书


正题名:课堂提问讲解技能及案例分析     索取号:G622.421/1377         预约/预借

序号 登录号 条形码 馆藏地/架位号 状态 备注
1 1247829   212478291   第一样本阅览室/ [索取号:G622.421/1377] 在馆    
2 1247830   212478308   第四借阅区/ [索取号:G622.421/1377] 在馆    
3 1247831   212478317   第四借阅区/ [索取号:G622.421/1377] 在馆    
唐山师范学院图书馆 欢迎您!
大连网信软件有限公司© 版权所有